Sports Quiz

Random Sports or Football Quiz

Big Ten Rivalry Trophies Quiz Stats

 Plays Quiz not verified by Sporcle

Also try: NHL Arenas
Challenge
Share
Tweet
Embed
Score 0/13 Timer 03:00
0 Plays Today
Teams Trophy % Correct
Michigan-MinnesotaLittle Brown Jug
59.8%
Indiana-PurdueOld Oaken Bucket
59.1%
Minnesota-WisconsinPaul Bunyan's Axe (Slab of Bacon)
52.4%
Iowa-MinnesotaFloyd of Rosedale
51.8%
Illinois-Ohio StateIllibuck
49.4%
Michigan-Michigan StatePaul Bunyan Trophy
43.3%
Michigan State-Penn StateLand Grant Trophy
42.7%
Iowa-NebraskaHeroes Trophy
36.4%
Illinois-NorthwesternLand of Lincoln Trophy (Sweet Sioux Tomahawk)
34.8%
Iowa-WisconsinHeartland Trophy
26.2%
Indiana-Michigan StateOld Brass Spittoon
21.3%
Illinois-PurduePurdue Cannon
20.1%
Minnesota-Penn StateGovernor's Victory Bell
12.8%

You're not logged in!

Compare scores with friends on all Sporcle quizzes.
Join for Free
OR
Log In

You Might Also Like...

Show Comments

Extras

Created Jan 14, 2010SourceReportNominate
Tags:Football Quiz, team, ten, trophy

Top Quizzes Today


Score Distribution

Your Account Isn't Verified!

In order to create a playlist on Sporcle, you need to verify the email address you used during registration. Go to your Sporcle Settings to finish the process.

Report this User

Report this user for behavior that violates our Community Guidelines.

Details: